[Event "LSS SF-2009-0-00031"]
[Site "LSS email"]
[Date "2009.06.10"]
[Round "?"]
[White "Fernandez, German"]
[Black "Lin, Yi Cheng"]
[Result "1-0"]
[WhiteElo "1034"]
[BlackElo "1104"]
[PlyCount "83"]
[EventDate "2009.05.02"]
[EventType "tourn (corr)"]
[EventRounds "6"]
[EventCountry "GER"]
[SourceTitle "Telechess CBM 137"]
[Source "ChessBase"]
[SourceDate "2010.07.15"]
[SourceVersion "1"]
[SourceVersionDate "2010.07.15"]
[SourceQuality "1"]

1. d4 g6 2. c4 Bg7 3. Nc3 d6 4. Nf3 Nf6 5. e4 0-0 6. Be2 c5 7. 0-0 cxd4 8. Nxd4 Nc6 9. Be3 Nxd4 10. Bxd4 Be6 11. Rc1 a6 12. Nd5 Nxe4 13. Bxg7 Kxg7 14. Qd4+ Nf6 15. Nxf6 exf6 16. Rfd1 Qa5 17. Qxd6 Qxa2 18. Qa3 Qxa3 19. bxa3 Rac8 20. c5 Rc7 21. c6 Rxc6 22. Rxc6 bxc6 23. Bxa6 Bd5 24. Ra1 Ra8 25. Bd3 Ra4 26. f3 c5 27. Kf2 f5 28. Ke3 Kf6 29. g3 Be6 30. Bb5 Ra7 31. a4 Ke7 32. Rd1 Bb3 33. Ra1 h6 34. h4 f6 35. a5 g5 36. Bd3 Be6 37. a6 Kd6 38. Rb1 Kc6 39. Rb8 c4 40. Bxf5 Bxf5 41. Rf8 Kb5 42. Rxf6 1-0

[Event "LSS SF-2009-0-00031"]
[Site "LSS email"]
[Date "2009.06.10"]
[Round "?"]
[White "Lin, Yi Cheng"]
[Black "Lind, Anders"]
[Result "1-0"]
[WhiteElo "1199"]
[BlackElo "1057"]
[PlyCount "53"]
[EventDate "2009.05.02"]
[EventType "tourn (corr)"]
[EventRounds "6"]
[EventCountry "GER"]
[SourceTitle "Corr 2011"]
[Source "ChessBase"]
[SourceDate "2010.08.31"]
[SourceVersion "1"]
[SourceVersionDate "2010.08.31"]
[SourceQuality "1"]

1. d4 Nf6 2. c4 g6 3. Nc3 Bg7 4. e4 d6 5. f4 0-0 6. Nf3 c5 7. d5 e6 8. Be2 exd5 9. cxd5 Bg4 10. 0-0 Nbd7 11. e5 Bxf3 12. Bxf3 dxe5 13. fxe5 Nxe5 14. Bg5 Qb6 15. Qc2 a6 16. Na4 Qa7 17. Qxc5 Qxc5+ 18. Nxc5 b5 19. Rad1 Rfc8 20. b4 a5 21. a3 Nxf3+ 22. Rxf3 Ne8 23. d6 Nxd6 24. Rxd6 axb4 25. axb4 h6 26. Bf6 Ra1+ 27. Bxa1 1-0

[Event "LSS RF-2009-0-00030"]
[Site "LSS email"]
[Date "2009.04.28"]
[Round "?"]
[White "Lin, Yi Cheng"]
[Black "Raines, David T"]
[Result "1/2-1/2"]
[WhiteElo "1214"]
[BlackElo "1168"]
[PlyCount "56"]
[EventDate "2009.02.17"]
[EventType "tourn (corr)"]
[EventRounds "6"]
[EventCountry "GER"]
[SourceTitle "Corr 2011"]
[Source "ChessBase"]
[SourceDate "2010.08.31"]
[SourceVersion "1"]
[SourceVersionDate "2010.08.31"]
[SourceQuality "1"]

1. d4 d5 2. c4 c6 3. cxd5 cxd5 4. Nc3 Nc6 5. Nf3 Nf6 6. Bg5 e6 7. e3 Be7 8. Bb5 Bd7 9. 0-0 0-0 10. Rc1 a6 11. Bd3 b5 12. a3 Na5 13. Ne5 Nc4 14. Bxc4 bxc4 15. Ra1 h6 16. Bh4 a5 17. b3 cxb3 18. Qxb3 Rb8 19. Qc2 g5 20. Bg3 Rc8 21. Qd3 Kg7 22. a4 Bb4 23. Nb5 Ne4 24. Nxd7 Qxd7 25. Rfc1 Nxg3 26. hxg3 Rc6 27. Rc2 Rfc8 28. Rac1 Rxc2 1/2-1/2

[Event "LSS RF-2008-0-00025"]
[Site "LSS email"]
[Date "2009.02.04"]
[Round "?"]
[White "Lanier, Jeff"]
[Black "Lin, Yi Cheng"]
[Result "0-1"]
[WhiteElo "820"]
[BlackElo "1047"]
[PlyCount "60"]
[EventDate "2009.01.21"]
[EventType "tourn (corr)"]
[EventRounds "6"]
[EventCountry "GER"]
[SourceTitle "Corr 2011"]
[Source "ChessBase"]
[SourceDate "2010.08.31"]
[SourceVersion "1"]
[SourceVersionDate "2010.08.31"]
[SourceQuality "1"]

1. e4 d5 2. exd5 Qxd5 3. Nc3 Qd6 4. d3 Nf6 5. Nge2 a6 6. Bf4 Qb6 7. b3 Bf5 8. g3 Qc6 9. Rg1 e6 10. Bg2 Qb6 11. Be3 c5 12. Na4 Qc7 13. Qd2 Nbd7 14. 0-0-0 Rb8 15. Qc3 b5 16. Nxc5 Nxc5 17. Bxc5 Qxc5 18. Qxc5 Bxc5 19. Bc6+ Ke7 20. d4 Ba3+ 21. Kd2 Rhc8 22. Bg2 Rxc2+ 23. Ke1 Bb4+ 24. Kf1 Rbc8 25. h3 Rxa2 26. Rh1 Rcc2 27. Bf3 Be4 28. Bxe4 Nxe4 29. Kg2 Rxe2 30. Kf3 Nxf2 0-1

[Event "LSS RF-2008-0-00024"]
[Site "LSS email"]
[Date "2009.01.31"]
[Round "?"]
[White "Lin, Yi Cheng"]
[Black "Ciklabakkal, Metin"]
[Result "1-0"]
[WhiteElo "1068"]
[BlackElo "988"]
[PlyCount "73"]
[EventDate "2009.01.21"]
[EventType "tourn (corr)"]
[EventRounds "6"]
[EventCountry "GER"]
[SourceTitle "Telechess CBM 147"]
[Source "ChessBase"]
[SourceDate "2012.03.16"]
[SourceVersion "1"]
[SourceVersionDate "2012.03.16"]
[SourceQuality "1"]

1. d4 e6 2. c4 c6 3. e4 d5 4. cxd5 cxd5 5. e5 a6 6. Nf3 Ne7 7. Bd3 Nbc6 8. 0-0 Nf5 9. Bxf5 exf5 10. Nc3 Be6 11. Be3 Be7 12. a3 0-0 13. Qd2 f6 14. Rad1 fxe5 15. dxe5 f4 16. Bxf4 Bc5 17. Bg3 Bg4 18. Qxd5+ Qxd5 19. Rxd5 Ba7 20. Nd2 Ne7 21. Rd3 Be2 22. Nxe2 Nf5 23. Nf3 h6 24. Nh4 Nxg3 25. Nxg3 Rfe8 26. Nf3 Re6 27. Rfd1 Kh7 28. Rd7 b5 29. h3 Bb6 30. Nf5 Rg6 31. R1d6 Bc5 32. Rxg6 Kxg6 33. N3h4+ Kg5 34. g3 g6 35. Rg7 Kh5 36. Rxg6 Rf8 37. g4# 1-0

[Event "LSS RF-2008-0-00024"]
[Site "LSS email"]
[Date "2009.01.23"]
[Round "?"]
[White "Paluch, Andrzej"]
[Black "Lin, Yi Cheng"]
[Result "0-1"]
[WhiteElo "1159"]
[BlackElo "1032"]
[PlyCount "48"]
[EventDate "2009.01.21"]
[EventType "tourn (corr)"]
[EventRounds "6"]
[EventCountry "GER"]
[SourceTitle "Corr 2011"]
[Source "ChessBase"]
[SourceDate "2010.08.31"]
[SourceVersion "1"]
[SourceVersionDate "2010.08.31"]
[SourceQuality "1"]

1. d4 g6 2. c4 Bg7 3. g3 Nf6 4. Bg2 0-0 5. Nf3 d6 6. 0-0 c5 7. e3 cxd4 8. exd4 Bg4 9. Re1 Nc6 10. b3 Bxf3 11. Bxf3 Nd7 12. Bb2 Rc8 13. Na3 a6 14. Nc2 e6 15. Qd2 Qa5 16. Qxa5 Nxa5 17. Ba3 Rfd8 18. Bxd6 Nc6 19. Rad1 Nf6 20. Bf4 Rd7 21. d5 exd5 22. cxd5 Ne7 23. Ne3 Rcd8 24. Bg2 h6 0-1

[Event "LSS RF-2008-0-00022"]
[Site "LSS email"]
[Date "2008.12.28"]
[Round "?"]
[White "Lin, Yi Cheng"]
[Black "Boden, Daniel"]
[Result "0-1"]
[WhiteElo "1047"]
[BlackElo "1022"]
[PlyCount "56"]
[EventDate "2008.12.17"]
[EventType "tourn (corr)"]
[EventRounds "6"]
[EventCountry "GER"]
[SourceTitle "Corr 2011"]
[Source "ChessBase"]
[SourceDate "2010.08.31"]
[SourceVersion "1"]
[SourceVersionDate "2010.08.31"]
[SourceQuality "1"]

1. d4 Nf6 2. c4 g6 3. Nc3 Bg7 4. e4 d6 5. f4 0-0 6. Nf3 c5 7. d5 Nbd7 8. Bd3 Ne8 9. 0-0 e5 10. fxe5 Nxe5 11. Nxe5 Bxe5 12. Bh6 Bd4+ 13. Kh1 Ng7 14. Qd2 f5 15. Rf3 Bxc3 16. Qxc3 Qf6 17. Raf1 Qxc3 18. bxc3 Bd7 19. exf5 Bxf5 20. Bxg7 Kxg7 21. Bxf5 gxf5 22. Rxf5 Rxf5 23. Rxf5 Kg6 24. Rf2 Re8 25. Kg1 Re4 26. Kf1 Rxc4 27. Rc2 Kf5 28. Ke2 Ke4 0-1

[Event "LSS RF-2008-0-00022"]
[Site "LSS email"]
[Date "2008.12.28"]
[Round "?"]
[White "Molina, Vicente Andres"]
[Black "Lin, Yi Cheng"]
[Result "0-1"]
[WhiteElo "898"]
[BlackElo "1032"]
[PlyCount "80"]
[EventDate "2008.12.17"]
[EventType "tourn (corr)"]
[EventRounds "6"]
[EventCountry "GER"]
[SourceTitle "Corr 2011"]
[Source "ChessBase"]
[SourceDate "2010.08.31"]
[SourceVersion "1"]
[SourceVersionDate "2010.08.31"]
[SourceQuality "1"]

1. c4 g6 2. Nf3 Bg7 3. d4 d6 4. e4 Nf6 5. Nc3 0-0 6. h3 c5 7. d5 Nbd7 8. g4 b5 9. Qc2 bxc4 10. Bxc4 a5 11. 0-0 Ba6 12. Qe2 Bxc4 13. Qxc4 Nb6 14. Qe2 Nfd7 15. Bf4 Qc7 16. Rac1 Rfe8 17. Rfe1 e5 18. dxe6 Rxe6 19. Ng5 Re7 20. Qb5 Ne5 21. Kg2 Rb8 22. Qe2 Qd7 23. Nd5 Nxd5 24. exd5 Rbe8 25. Qc2 Nxg4 26. Rxe7 Rxe7 27. hxg4 Qxg4+ 28. Bg3 Qxg5 29. Rd1 Be5 30. Rd3 h5 31. Qb3 h4 32. Kh1 hxg3 33. fxg3 Qc1+ 34. Rd1 Qxb2 35. Qxb2 Bxb2 36. Rb1 Re2 37. a4 c4 38. Kg1 c3 39. Kf1 Rc2 40. Ke1 Rc1+ 0-1

[Event "LSS RF-2008-0-00020"]
[Site "LSS email"]
[Date "2008.11.17"]
[Round "?"]
[White "Lin, Yi Cheng"]
[Black "McDaniel, Jeff"]
[Result "1-0"]
[WhiteElo "1004"]
[BlackElo "633"]
[PlyCount "63"]
[EventDate "2008.11.06"]
[EventType "tourn (corr)"]
[EventRounds "6"]
[EventCountry "GER"]
[SourceTitle "Corr 2011"]
[Source "ChessBase"]
[SourceDate "2010.08.31"]
[SourceVersion "1"]
[SourceVersionDate "2010.08.31"]
[SourceQuality "1"]

1. d4 d5 2. c4 Nf6 3. cxd5 Nxd5 4. e4 Nf6 5. Nc3 e6 6. Nf3 Bb4 7. Bg5 h6 8. Bxf6 Qxf6 9. Bb5+ Bd7 10. Qa4 Be7 11. Bxd7+ Nxd7 12. Ne5 c6 13. Nxd7 Kxd7 14. 0-0 Rhd8 15. d5 e5 16. dxc6+ Qxc6 17. Qb3 Ke8 18. Nd5 Bg5 19. g3 Kf8 20. h4 Be7 21. Rac1 Qd6 22. Rfd1 Qe6 23. Rc7 b6 24. Rxe7 Qxe7 25. Nxe7 Rxd1+ 26. Qxd1 Kxe7 27. Qd5 Rd8 28. Qxe5+ Kf8 29. Qc7 Rd1+ 30. Kg2 Rd2 31. Qxa7 Rxb2 32. Qa3+ 1-0

[Event "LSS RF-2008-0-00020"]
[Site "LSS email"]
[Date "2008.11.13"]
[Round "?"]
[White "Trevis, Robert R"]
[Black "Lin, Yi Cheng"]
[Result "1/2-1/2"]
[WhiteElo "1039"]
[BlackElo "1047"]
[PlyCount "123"]
[EventDate "2008.11.06"]
[EventType "tourn (corr)"]
[EventRounds "6"]
[EventCountry "GER"]
[SourceTitle "Corr 2011"]
[Source "ChessBase"]
[SourceDate "2010.08.31"]
[SourceVersion "1"]
[SourceVersionDate "2010.08.31"]
[SourceQuality "1"]

1. e4 d5 2. exd5 Qxd5 3. Nc3 Qd6 4. d4 Nf6 5. Nf3 a6 6. Bd3 b5 7. 0-0 e6 8. a4 b4 9. Ne4 Nxe4 10. Bxe4 Nc6 11. Bf4 Qd7 12. Ne5 Nxe5 13. Bxa8 Ng6 14. Bg3 c6 15. Qg4 Bd6 16. Qf3 Ne7 17. Bxd6 Qxd6 18. Rad1 0-0 19. Qg3 Qxg3 20. hxg3 a5 21. Rfe1 Ba6 22. Re5 Rxa8 23. Rxa5 Nd5 24. Rc5 Bb7 25. a5 Ra6 26. Re1 Kf8 27. f3 Ke7 28. Kf1 Kd7 29. Kf2 Ra8 30. Rh1 h6 31. Re1 Ba6 32. Kg1 Bb5 33. Ra1 Nb6 34. Kf2 g6 35. Re5 Nc4 36. Ree1 Rxa5 37. Rxa5 Nxa5 38. Ra1 Nc4 39. Ra7+ Ke8 40. b3 Nd6 41. g4 Kf8 42. g3 Kg7 43. Rd7 Ne8 44. Ra7 Nf6 45. Ra8 Nd5 46. Ra5 Nc3 47. Ke3 Nd5+ 48. Kf2 Kf6 49. Ra7 Nc3 50. Ke3 Ne2 51. f4 Nxg3 52. Rb7 Nf1+ 53. Ke4 Nd2+ 54. Ke3 Nb1 55. g5+ hxg5 56. fxg5+ Kg7 57. Ra7 Nc3 58. Kf4 Nd5+ 59. Ke4 Nc3+ 60. Kf4 Kf8 61. Ra8+ Kg7 62. Ra7 1/2-1/2

[Event "LSS RN-2008-0-00152"]
[Site "LSS email"]
[Date "2008.09.16"]
[Round "?"]
[White "Lin, Yi Cheng"]
[Black "Mori, Roberto"]
[Result "1-0"]
[WhiteElo "800"]
[BlackElo "663"]
[PlyCount "47"]
[EventDate "2008.09.10"]
[EventType "tourn (corr)"]
[EventRounds "6"]
[EventCountry "GER"]
[SourceTitle "Corr 2022"]
[Source "ChessBase"]
[SourceDate "2021.10.24"]
[SourceVersion "1"]
[SourceVersionDate "2021.10.24"]
[SourceQuality "1"]

1. d4 d5 2. c4 Nf6 3. Nc3 dxc4 4. e3 e6 5. Bxc4 Bb4 6. Nf3 Nc6 7. 0-0 0-0 8. a3 Bd6 9. b4 a6 10. Bb2 h6 11. Rc1 Bd7 12. Ba2 Na7 13. Qd3 Bc6 14. e4 Re8 15. e5 Ng4 16. h3 Bxf3 17. Qxf3 Bxe5 18. dxe5 Nxe5 19. Qe3 Nc4 20. Bxc4 Nc6 21. Rfd1 Qe7 22. Qg3 Nxb4 23. Nd5 exd5 24. Qxg7# 1-0

[Event "LSS OP-2008-0-00570"]
[Site "LSS email"]
[Date "2008.06.27"]
[Round "?"]
[White "Lin, Yi Cheng"]
[Black "Reede, Arvo"]
[Result "1-0"]
[WhiteElo "800"]
[BlackElo "630"]
[PlyCount "81"]
[EventDate "2008.06.25"]
[EventType "tourn (corr)"]
[EventRounds "4"]
[EventCountry "GER"]
[SourceTitle "Corr 2011"]
[Source "ChessBase"]
[SourceDate "2010.08.31"]
[SourceVersion "1"]
[SourceVersionDate "2010.08.31"]
[SourceQuality "1"]

1. d4 Nf6 2. c4 e6 3. Nc3 Be7 4. e4 d5 5. cxd5 exd5 6. e5 Ne4 7. Bd3 Bb4 8. Bxe4 dxe4 9. h3 Nc6 10. Nge2 f5 11. exf6 Qxf6 12. 0-0 Bxc3 13. bxc3 0-0 14. Ng3 Bf5 15. Nxf5 Qxf5 16. Qb3+ Qf7 17. Qxb7 Na5 18. Qxe4 Rae8 19. Qc2 Nc4 20. a4 a5 21. Ba3 Nxa3 22. Rxa3 g6 23. Qb3 Kg7 24. Qxf7+ Rxf7 25. Rb3 Re2 26. Rb5 Rc2 27. Rc5 h5 28. f3 h4 29. Re1 Kf6 30. Kf1 g5 31. Re2 Rc1+ 32. Kf2 Rd7 33. Ke3 Rd6 34. Kd2 Ra1 35. Rxa5 c5 36. Rxc5 Rxa4 37. Kd3 Ra1 38. Ree5 g4 39. fxg4 Rg1 40. Re2 Rd1+ 41. Rd2 1-0